000 00612nam a2200241 a 4500
001 0001-1330
003 ELIB.Books
008 150819 2010 eng
020 _a0399146067
035 _a(ELIB.Books)0001-1485
092 _a650.1
_b Lyl
100 _aLyles, Dick.
245 _aWinning Ways
260 _aNew York
_bG. P Putnam's Sons.
_c2000
300 _a93
_c21.5 Cm
500 _aDr. Min Oo
650 _aInterpersonal Relation
856 _nKBTS: Library
_uKBTS: Elib
942 _2ddc
_cBK
990 _a1
998 _cbat
_e2015-08-19
_mcat
_u2018-07-30
999 _c11330
_d11330